Психология и педагогика: учебник и практикум для вузов

Bibliographic Details
Main Author: Милорадова Н. Г. Надежда Георгиевна
Summary:Учебник посвящен психолого-педагогическим технологиям. В нем представлен объект и предмет психологии и педагогики, основные понятия и категории психологической и педагогической науки, а также содержание, направления и структура психолого-педагогического процесса. Для студентов высших учебных заведений, обучающихся по гуманитарным, естественнонаучным, инженерно-техническим и экономическим направлениям.
Language:Russian
Published: Москва, Юрайт, 2020
Edition:2-е изд., испр. и доп.
Series:Высшее образование
Бакалавр. Академический курс
Subjects:
Format: Book
KOHA link:https://koha.lib.tpu.ru/cgi-bin/koha/opac-detail.pl?biblionumber=344490

MARC

LEADER 00000nam0a2200000 4500
001 344490
005 20231102005653.0
010 |a 9785534089868 
035 |a (RuTPU)RU\TPU\book\375984 
090 |a 344490 
100 |a 20200226d2020 m y0rusy50 ca 
101 0 |a rus 
102 |a RU 
105 |a y j 001zy 
200 1 |a Психология и педагогика  |e учебник и практикум для вузов  |f Н. Г. Милорадова 
205 |a 2-е изд., испр. и доп. 
210 |a Москва  |c Юрайт  |d 2020 
215 |a 307 с. 
225 1 |a Высшее образование 
225 1 |a Бакалавр. Академический курс 
320 |a Библиогр.: с. 295-297 
330 |a Учебник посвящен психолого-педагогическим технологиям. В нем представлен объект и предмет психологии и педагогики, основные понятия и категории психологической и педагогической науки, а также содержание, направления и структура психолого-педагогического процесса. Для студентов высших учебных заведений, обучающихся по гуманитарным, естественнонаучным, инженерно-техническим и экономическим направлениям. 
606 1 |a Психология общая  |2 stltpush  |3 (RuTPU)RU\TPU\subj\53137  |9 71487 
606 1 |a Педагогика общая  |2 stltpush  |3 (RuTPU)RU\TPU\subj\48422  |9 67292 
610 1 |a методология 
610 1 |a психика 
610 1 |a организм 
610 1 |a психические процессы 
610 1 |a психические состояния 
610 1 |a личность 
610 1 |a малые группы 
610 1 |a ощущения 
610 1 |a восприятие 
610 1 |a мышление 
610 1 |a воображение 
610 1 |a мнемические способности 
610 1 |a мнемическая деятельность 
610 1 |a эмоции 
610 1 |a чувства 
610 1 |a внимание 
610 1 |a воля 
610 1 |a темперамент 
610 1 |a межличностные отношения 
610 1 |a педагогические концепции 
610 1 |a педагогические процессы 
610 1 |a воспитание 
610 1 |a образование 
610 1 |a андрогогика 
610 1 |a учебники 
610 1 |a практикумы 
686 |a Ю93я73  |v LBC/SL-A  |2 rubbk 
686 |a Ч31я73  |v LBC/SL-A  |2 rubbk 
700 1 |a Милорадова  |b Н. Г.  |g Надежда Георгиевна 
801 1 |a RU  |b 63413507  |c 20200226 
801 2 |a RU  |b 63413507  |c 20200617  |g RCR 
942 |c BK 
959 |a 7/20200226  |d 3  |e 739,00  |f УФ:2  |f ЧЗГЛ:1